000 00595nam a2200217 a 4500
001 18888
003 CO-ViMGA
008 141112s2004 ck r 000 u spa d
040 _aCO-ViMGA
_bspa
_cCO-ViMGA
082 0 4 _aI 833.91 H177c
100 1 _aHartling, Peter
_92851
245 1 0 _aCon Clara ya somos seis
250 _a7
260 _aMadrid :
_bSM; 2002
300 _a127 p.
490 0 _aEl Barco de vapor
500 _aA partir de 12 años.
590 _aForma de adquisición : Proyecto 2005 - - Precio :
_ 18.900
650 1 4 _aCUENTOS INFANTILES ALEMANES
_92800
942 _2ddc
_cBK
999 _c9721
_d9721